| 000 | 00452nam a22001337a 4500 | ||
|---|---|---|---|
| 040 | _cNUST | ||
| 082 | _a200 THE | ||
| 100 |
_aMuhammad Abdullah _957486 |
||
| 110 |
_aSupervisor Dr Muhammad Rehan Khan _9113265 |
||
| 245 | _aTH-SOF-2161-Numerical and Experimental Investigation of Erosion Behavior in Elbow Pipes for Multiphase Flow Conditions | ||
| 260 |
_aISLAMABAD: _bNUST COLLEGE OF EME, _c2023. |
||
| 650 |
_aMS-MECH-23 _9113537 |
||
| 942 |
_2ddc _cTHE |
||
| 999 |
_c595210 _d595210 |
||